1072 1929 1661 1874 1547 1877 1760 1992 1999 1015 1799 1627 1809 1876 1402 1687 1205 1549 1952 1915 1841 1383 1958 1732 1312 1135 1984 1051 1738 1890 1717 1614 1192 1788 1585 1643 1494 1025 1401 1408 1505 1825 1304 1280 1803 1181 1748 1441 1958 1083 1932 1968 1753 1877 1751 1867 1827 1744 1567 1172 1195 1890 1149 1883 1560 1649 1693 1917 1610 1599 1076 1617 1157 1033 1385 1094 1559 1523 1315 1815 1373 1366 1080 1511 1074 1052 1576 1053 1030 1456 1292 1997 1535 1560 1926 1725 1839 1364 1373 BCNSPRNW ULIB Ver.6.0+V

เปลี่ยนเป็นภาษาไทย

Change to English
 แสดงรายละเอียดบรรณานุกรม
  กลับหน้าหลัก

Brief Record : Get Marc (ISO 2709) : E-mail record : QR code < ปิดหน้าต่าง
LEADER : 00000nam 2200000uu 4500
001    13399110582
003     ULIB
008    110603s2551||||th 000 0 tha d
020    9789741149492
060  4 WQ209^bจ394ค 2551
245 00 คลื่นเสียงความถี่สูงทางสูติศาสตร์และนรีเวชวิทยา /^cจิตเกษม สุวรรณรัฐ,บรรณาธิการ.
250    พิมพ์ครั้งที่1.
260    สงขลา :^bชานเมืองการพิมพ์,^c2551.
300    167 หน้า :^bภาพประกอบ ;^c26 ซม.
650  2 Pregnancy Complications.
650  2 Ultrasonography, Prenetal.
700 0  จิตเกษม สุวรรณรัฐ,^eบรรณาธิการ.
710 2  มหาวิทยาลัยสงขลานครินทร์.^bคณะแพทยศาสตร์.^bภาควิชาสูติศาสตร์และนรีเวชวิทยา.^bหน่วยเวชศาสตร์มารดาและทารกในครรภ์.
945    ^p320^l0^i024077
945    ^p320^l0^i023765
945    ^p320^l0^i023764
945    ^p320^l0^i023763
995    ทศพร
999 ^a ใช้งานได้ทุกระบบ
รายการนี้ยังไม่มีแท็ก
คุณยังไม่ได้ล็อกอิน คุณสามารถมีกิจกรรมร่วมกับเว็บไซต์ได้ แต่ต้องล็อกอินก่อน ::
  ล็อกอิน

รายการสื่อสารสนเทศ

ลำดับที่ ประเภท เลขเรียก/บาร์โค้ด สถานที่ สถานะ
- ไม่พบข้อมูล -

รายการใกล้เคียง
    หัวเรื่อง [Pregnancy Complications.]
    หัวเรื่อง [Ultrasonography, Prenetal.]

BibComment


ยังไม่เคยถูกคอมเมนท์

คอมเมนท์ทรัพยากรรายการนี้
  คอมเมนท์: คลื่นเสียงความถี่..


 Copyright 2026. Bcnsprnw @Library